China : (Record no. 92256)

MARC details
000 -LEADER
fixed length control field 01725nam a2200253Ii 4500
008 - FIXED-LENGTH DATA ELEMENTS--GENERAL INFORMATION
fixed length control field 221202s xx 000 0 und d
100 1# - MAIN ENTRY--PERSONAL NAME
Personal name Meier, Nicola,
Relator term author
245 #0 - TITLE STATEMENT
Title China :
Remainder of title The New Developmental State?
246 ## - VARYING FORM OF TITLE
Title proper/short title An Empirical Analysis of the Automotive Industry
264 #1 - PRODUCTION, PUBLICATION, DISTRIBUTION, MANUFACTURE, AND COPYRIGHT NOTICE
Place of production, publication, distribution, manufacture Bern
Name of producer, publisher, distributor, manufacturer Peter Lang International Academic Publishers
Date of production, publication, distribution, manufacture, or copyright notice 2018
300 ## - PHYSICAL DESCRIPTION
Extent 1 online resource (362 pages)
336 ## - CONTENT TYPE
Content type term text
Content type code txt
Source rdacontent
337 ## - MEDIA TYPE
Media type term computer
Media type code c
Source rdamedia
338 ## - CARRIER TYPE
Carrier type term online resource
Carrier type code cr
Source rdacarrier
490 ## - SERIES STATEMENT
Series statement Hohenheimer volkswirtschaftliche Schriften
Volume/sequential designation 60
520 ## - SUMMARY, ETC.
Summary, etc. The central focus of this analysis is whether the economic growth of China can be attributed to an emulation of the development models of Japan, South Korea, and Taiwan. Based on the developmental state theory, an East Asian developmental state model is set up as a benchmark. The thesis uses an empirical analysis of the auto industry to highlight the performance outcome of China's development strategy. The author confirms that China has evolved into a developmental state similar in its core characteristics to the three leading East Asian states. The model of development in China, however, is an innovative combination of factors from the developmental states, the legacies of the past command economy as well as of the adopted market economy mechanism including international capital flows.
653 ## - INDEX TERM--UNCONTROLLED
Uncontrolled term Analysis
653 ## - INDEX TERM--UNCONTROLLED
Uncontrolled term Auto Industry
653 ## - INDEX TERM--UNCONTROLLED
Uncontrolled term Automotive
653 ## - INDEX TERM--UNCONTROLLED
Uncontrolled term Automotive Industry
653 ## - INDEX TERM--UNCONTROLLED
Uncontrolled term China
856 ## - ELECTRONIC LOCATION AND ACCESS
Uniform Resource Identifier <a href="https://docs.google.com/spreadsheets/d/1yKIrdCPDAG_9c22mwoOIO2DOhtj65Wqa/edit?usp=sharing&ouid=106555315294820607512&rtpof=true&sd=true ">https://docs.google.com/spreadsheets/d/1yKIrdCPDAG_9c22mwoOIO2DOhtj65Wqa/edit?usp=sharing&ouid=106555315294820607512&rtpof=true&sd=true </a>
Link text List of Curated E-Books
942 ## - ADDED ENTRY ELEMENTS (KOHA)
Koha item type E-Book

No items available.

University of Rizal System
Email us at univlibservices@urs.edu.ph

Visit our Website www.urs.edu.ph/library